[Event "Moscow Aeroflot op-B"]
[Site "Moscow"]
[Date "2005.02.20"]
[Round "6"]
[White "Drozdov, Igor"]
[Black "Negi, Parimarjan"]
[Result "1/2-1/2"]
[WhiteElo "2439"]
[BlackElo "2316"]
[PlyCount "54"]
[EventDate "2005.02.15"]
[EventType "swiss"]
[EventRounds "9"]
[EventCountry "RUS"]
[SourceTitle "EXT 2006"]
[Source "ChessBase"]
[SourceDate "2005.11.24"]
[SourceVersion "1"]
[SourceVersionDate "2005.11.24"]
[SourceQuality "1"]

1. e4 c5 2. Nc3 Nc6 3. Nf3 e6 4. d4 cxd4 5. Nxd4 Qc7 6. Be2 a6 7. 0-0 Nf6 8. Kh1 Nxd4 9. Qxd4 Bc5 10. Qd3 b5 11. Bf3 Rb8 12. Bg5 b4 13. Ne2 h6 14. Bxf6 gxf6 15. Ng3 h5 16. Bxh5 Bd6 17. Bg4 Rb5 18. Rad1 Bf4 19. h3 Rg5 20. Kg1 Bb7 21. Qd4 Be5 22. Qxb4 a5 23. Qb3 f5 24. exf5 Rxg4 25. hxg4 Qc6 26. Qf3 Qb6 27. Qb3 Qc6 1/2-1/2

[Event "Moscow Aeroflot op-B"]
[Site "Moscow"]
[Date "2005.02.15"]
[Round "1"]
[White "Nikolaidis, Ioannis"]
[Black "Drozdov, Igor"]
[Result "1/2-1/2"]
[WhiteElo "2520"]
[BlackElo "2439"]
[PlyCount "119"]
[EventDate "2005.02.15"]
[EventType "swiss"]
[EventRounds "9"]
[EventCountry "RUS"]
[SourceTitle "EXT 2006"]
[Source "ChessBase"]
[SourceDate "2005.11.24"]
[SourceVersion "1"]
[SourceVersionDate "2005.11.24"]
[SourceQuality "1"]

1. d4 Nf6 2. c4 g6 3. Nc3 Bg7 4. e4 d6 5. Bg5 0-0 6. Qd2 Na6 7. Nge2 e5 8. d5 Qe8 9. Ng3 h5 10. Be2 Nh7 11. Bh6 Qe7 12. Bxg7 Kxg7 13. Nf1 Qg5 14. Qxg5 Nxg5 15. h4 Nh7 16. Rb1 c5 17. Ne3 Nf6 18. a3 Bd7 19. b4 b6 20. Kd2 Rfb8 21. g3 Nc7 22. Rb2 a5 23. bxc5 bxc5 24. Rhb1 Rxb2+ 25. Rxb2 Kf8 26. f4 Ke7 27. Rb7 Kd8 28. Bd3 Bc8 29. Rb6 Ra6 30. Rb1 Nd7 31. Na4 Ra7 32. Bc2 Rb7 33. Rf1 Ke7 34. Nc3 Ne8 35. Ba4 Ndf6 36. Kc2 Bd7 37. Bc6 Rb6 38. Bb5 Rb7 39. Kd3 Rb8 40. Rf2 Rb7 41. Rf1 Bh3 42. Rb1 Bd7 43. Na4 exf4 44. gxf4 Ng4 45. Nxg4 hxg4 46. Nc3 Ng7 47. Ke3 Bc8 48. Re1 f6 49. Kf2 Kd8 50. e5 fxe5 51. fxe5 Rf7+ 52. Kg1 Nf5 53. e6 Rh7 54. Kg2 Ke7 55. Ne2 Rxh4 56. Nf4 Rh6 57. Re4 g3 58. Nh3 Kf6 59. Rf4 Ke7 60. Re4 1/2-1/2

[Event "Chigorin Memorial-A 10th"]
[Site "St Petersburg"]
[Date "2002.11.02"]
[Round "8"]
[White "Ermolaev, Andrey Stanislavovi"]
[Black "Drozdov, Igor"]
[Result "1/2-1/2"]
[WhiteElo "2354"]
[BlackElo "2445"]
[PlyCount "94"]
[EventDate "2002.10.25"]
[EventType "swiss"]
[EventRounds "9"]
[EventCountry "RUS"]
[SourceTitle "EXT 2003"]
[Source "ChessBase"]
[SourceDate "2002.11.25"]
[SourceVersion "1"]
[SourceVersionDate "2002.11.25"]
[SourceQuality "1"]

1. e4 c6 2. d4 d5 3. Nc3 g6 4. e5 Bg7 5. f4 h5 6. Nf3 Bg4 7. Be3 e6 8. h3 Bxf3 9. Qxf3 h4 10. Bd3 Nd7 11. 0-0 Nh6 12. Ne2 Bf8 13. b3 Nf5 14. Bf2 Ba3 15. c4 a5 16. Rab1 Nb8 17. Kh2 Na6 18. Rbd1 Be7 19. Nc3 Nb4 20. Bb1 b6 21. Rc1 Kf8 22. Rg1 Rh5 23. Rcd1 Kg7 24. Rd2 Qd7 25. Nd1 a4 26. a3 Na6 27. cxd5 cxd5 28. b4 Nc7 29. Ne3 Nxe3 30. Bxe3 Nb5 31. g4 hxg3+ 32. Rxg3 Rah8 33. Rdg2 Kf8 34. Bxg6 fxg6 35. Rxg6 Rxh3+ 36. Qxh3 Rxh3+ 37. Kxh3 Ke8 38. f5 Bf8 39. Rxe6+ Kd8 40. Rgg6 Nxa3 41. Bh6 Qh7 42. Kg4 Nc4 43. Bxf8 a3 44. Re7 Ne3+ 45. Kg5 Qh3 46. Rd6+ Kc8 47. Rc6+ Kd8 1/2-1/2

[Event "Chigorin Memorial-A 10th"]
[Site "St Petersburg"]
[Date "2002.10.28"]
[Round "4"]
[White "Dashko, Andrey"]
[Black "Drozdov, Igor"]
[Result "1-0"]
[WhiteElo "2401"]
[BlackElo "2445"]
[PlyCount "155"]
[EventDate "2002.10.25"]
[EventType "swiss"]
[EventRounds "9"]
[EventCountry "RUS"]
[SourceTitle "EXT 2003"]
[Source "ChessBase"]
[SourceDate "2002.11.25"]
[SourceVersion "1"]
[SourceVersionDate "2002.11.25"]
[SourceQuality "1"]

1. e4 c6 2. d4 d5 3. Nc3 g6 4. Nf3 Bg7 5. Bf4 dxe4 6. Nxe4 Qa5+ 7. Qd2 Qxd2+ 8. Nexd2 Nf6 9. c3 Nd5 10. Bg3 Bh6 11. Bc4 Nd7 12. 0-0 N7b6 13. Bb3 a5 14. a4 Bg4 15. Rfe1 e6 16. Ne4 Bxf3 17. Nd6+ Ke7 18. gxf3 Ra7 19. Ne4 Nf4 20. h4 Nbd5 21. Rad1 b5 22. Nc5 Rd8 23. Re4 Nh5 24. Nd3 Nxg3 25. fxg3 Bf8 26. Ne5 Rc7 27. g4 Kf6 28. Ra1 bxa4 29. Rxa4 Rb8 30. Bxd5 cxd5 31. Re2 Rb5 32. Kf2 Bd6 33. f4 Bxe5 34. fxe5+ Ke7 35. Ke3 Rc4 36. Ra1 a4 37. Kd3 Rb3 38. Kc2 Rb7 39. Rd2 Rbc7 40. Ra3 Rb7 41. Rd1 f6 42. exf6+ Kxf6 43. Rda1 Rbb4 44. Re1 Rb7 45. Ra2 Ke7 46. Rea1 Rbb4 47. Kd3 Rb7 48. Rxa4 Rxa4 49. Rxa4 Rxb2 50. Ra7+ Kf6 51. Rxh7 Rg2 52. g5+ Kf5 53. Rf7+ Kg4 54. Rf6 Rg3+ 55. Kd2 Rg2+ 56. Kd3 Rg3+ 57. Kc2 Rg2+ 58. Kb3 Re2 59. Rxg6 Kxh4 60. Kb4 Kg4 61. Kc5 Kf5 62. Rf6+ Kxg5 63. Rf3 Kg4 64. Rf8 Kg5 65. Kd6 Re1 66. Rf3 Re4 67. Rf1 Re2 68. Ke7 Re3 69. Rf2 Re4 70. Rf3 Re2 71. Rf6 Re4 72. Rf1 Re3 73. Kd6 Re4 74. Kd7 Re3 75. Ke7 Re2 76. Rg1+ Kf5 77. Rh1 Re3 78. Rh5+ 1-0

[Event "Chigorin Memorial-A 10th"]
[Site "St Petersburg"]
[Date "2002.10.26"]
[Round "2"]
[White "Kovchan, Alexander"]
[Black "Drozdov, Igor"]
[Result "1-0"]
[WhiteElo "2546"]
[BlackElo "2445"]
[PlyCount "75"]
[EventDate "2002.10.25"]
[EventType "swiss"]
[EventRounds "9"]
[EventCountry "RUS"]
[SourceTitle "EXT 2003"]
[Source "ChessBase"]
[SourceDate "2002.11.25"]
[SourceVersion "1"]
[SourceVersionDate "2002.11.25"]
[SourceQuality "1"]

1. e4 c6 2. d4 d5 3. e5 Bf5 4. Be3 e6 5. Nd2 Ne7 6. c3 Nd7 7. f4 h5 8. Ngf3 Bg4 9. Be2 Nf5 10. Bf2 Be7 11. 0-0 Nf8 12. h3 Bxf3 13. Nxf3 h4 14. Bd3 g6 15. b4 Nd7 16. a4 Kf8 17. Qd2 Kg7 18. Rfd1 a6 19. Qe1 Rc8 20. a5 Rh5 21. Be2 Rh6 22. Bd3 Rh5 23. Rac1 Qh8 24. Be2 Rh6 25. Rc2 Rg8 26. c4 dxc4 27. Rxc4 Kf8 28. Ng5 Kg7 29. d5 exd5 30. e6 fxe6 31. Nxe6+ Kf7 32. Bg4 Re8 33. Nc7 Bd6 34. Nxe8 Qxe8 35. Qxe8+ Kxe8 36. Rc3 Rh7 37. b5 axb5 38. a6 1-0

[Event "RUS-chT Sibirian Zone"]
[Site "Omsk"]
[Date "2001.10.07"]
[Round "3"]
[White "Drozdov, Igor"]
[Black "Nikitin, Andrey"]
[Result "1-0"]
[WhiteElo "2456"]
[BlackElo "2506"]
[PlyCount "135"]
[EventDate "2001.10.05"]
[EventType "team-tourn"]
[EventRounds "9"]
[EventCountry "RUS"]
[SourceTitle "EXT 2002"]
[Source "ChessBase"]
[SourceDate "2001.11.25"]
[SourceVersion "1"]
[SourceVersionDate "2001.11.25"]
[SourceQuality "1"]

1. e4 e6 2. Nf3 d5 3. Nc3 Nf6 4. e5 Nfd7 5. d4 c5 6. dxc5 Nc6 7. Bf4 Bxc5 8. Bd3 f6 9. exf6 Nxf6 10. 0-0 0-0 11. Ne5 Bd7 12. Qe2 Qe7 13. Rae1 Rae8 14. a3 a6 15. Bg3 Bd4 16. Nd1 Nxe5 17. Bxe5 Bxe5 18. Qxe5 Bc6 19. f4 Nd7 20. Qd4 e5 21. fxe5 Rxf1+ 22. Rxf1 Qxe5 23. c3 Nf6 24. Qxe5 Rxe5 25. h3 Kf7 26. Kf2 Ke7 27. Ne3 Bd7 28. Rd1 Ba4 29. Rd2 Ke6 30. Bb1 Bb3 31. Rd4 b5 32. Bd3 h6 33. Kf3 Nd7 34. g4 Nc5 35. Bb1 Bc4 36. h4 a5 37. Bh7 Nb3 38. Rd1 Kd6 39. Bc2 Kc5 40. Kf4 Re8 41. h5 Rf8+ 42. Nf5 b4 43. axb4+ axb4 44. Re1 bxc3 45. bxc3 Rf7 46. Re8 Nc1 47. Ke3 Be2 48. Rc8+ Kb6 49. Rb8+ Kc7 50. Rb4 Bc4 51. Kd2 Na2 52. Ra4 Rf6 53. Ra7+ Kd8 54. Rxg7 d4 55. cxd4 Nb4 56. Be4 Be6 57. Ke3 Bxf5 58. Bxf5 Nc6 59. d5 Ne5 60. Ke4 Nf7 61. Be6 Ng5+ 62. Ke5 Rf8 63. Ra7 Rf1 64. Ra8+ Kc7 65. d6+ Kb6 66. Bd5 Re1+ 67. Kf6 Rd1 68. d7 1-0

[Event "RUS-chT 05th"]
[Site "Maikop"]
[Date "1998.06.11"]
[Round "9"]
[White "Drozdov, Igor"]
[Black "Bratchenko, Alexander"]
[Result "1-0"]
[WhiteElo "2440"]
[BlackElo "2355"]
[PlyCount "71"]
[EventDate "1998.06.03"]
[EventType "team-tourn"]
[EventRounds "11"]
[EventCountry "RUS"]
[SourceTitle "CBM 066"]
[Source "ChessBase"]
[SourceDate "1998.09.30"]
[SourceVersion "1"]
[SourceVersionDate "1998.09.30"]
[SourceQuality "1"]
[WhiteTeam "Noyabrsk Yamal"]
[BlackTeam "Cherepovets Severstal"]
[WhiteTeamCountry "RUS"]
[BlackTeamCountry "RUS"]

1. e4 Nf6 2. e5 Nd5 3. d4 d6 4. Nf3 Bg4 5. Be2 e6 6. 0-0 Be7 7. h3 Bh5 8. c4 Nb6 9. Nc3 0-0 10. Be3 d5 11. cxd5 exd5 12. g4 Bg6 13. Ne1 f5 14. Ng2 Bg5 15. Bxg5 Qxg5 16. f4 Qd8 17. Ne3 Nc6 18. Rc1 Kh8 19. b3 a6 20. Rf2 Ne7 21. Bd3 Qd7 22. Ne2 c6 23. Ng3 Rf7 24. h4 h6 25. Qc2 Raf8 26. Re1 Qe6 27. h5 Bh7 28. gxf5 Nxf5 29. Nexf5 Bxf5 30. Nxf5 Rxf5 31. Bxf5 Rxf5 32. Rg2 Rxf4 33. Qg6 Qe7 34. Rf1 Rxd4 35. Rgf2 Nd7 36. Rf7 1-0

[Event "RUS-chT 05th"]
[Site "Maikop"]
[Date "1998.06.05"]
[Round "3"]
[White "Drozdov, Igor"]
[Black "Saulin, Dmitri"]
[Result "1-0"]
[WhiteElo "2440"]
[BlackElo "2375"]
[PlyCount "77"]
[EventDate "1998.06.03"]
[EventType "team-tourn"]
[EventRounds "11"]
[EventCountry "RUS"]
[SourceTitle "CBM 066"]
[Source "ChessBase"]
[SourceDate "1998.09.30"]
[SourceVersion "1"]
[SourceVersionDate "1998.09.30"]
[SourceQuality "1"]
[WhiteTeam "Noyabrsk Yamal"]
[BlackTeam "Moscow Apiko Yakimanka"]
[WhiteTeamCountry "RUS"]
[BlackTeamCountry "RUS"]

1. e4 c5 2. Nf3 d6 3. d4 cxd4 4. Nxd4 Nf6 5. Nc3 a6 6. a4 e6 7. Be2 Be7 8. 0-0 0-0 9. f4 Qc7 10. Kh1 Nc6 11. Be3 Re8 12. Bd3 Nb4 13. a5 Bd7 14. Qf3 e5 15. fxe5 dxe5 16. Nf5 Bxf5 17. Qxf5 Rac8 18. Nd5 Nbxd5 19. exd5 e4 20. Bb6 Qb8 21. Bxe4 Bc5 22. Bxc5 Rxc5 23. Bf3 Qc7 24. b4 Rb5 25. Rab1 Qc4 26. c3 Qxc3 27. Qf4 Qe3 28. Qc7 Qe7 29. d6 Qd7 30. Rfc1 h5 31. h3 Rd8 32. Qxd7 Rxd7 33. Rc8+ Kh7 34. Rc7 Kg6 35. Rc5 h4 36. Be2 Rxc5 37. bxc5 Kg5 38. Bf3 Nh5 39. Bxb7 1-0

[Event "RUS-Cup6"]
[Site "Krasnodar"]
[Date "1997.03.18"]
[Round "8"]
[White "Drozdov, Igor"]
[Black "Nadanian, Ashot S"]
[Result "1-0"]
[WhiteElo "2455"]
[BlackElo "2375"]
[PlyCount "59"]
[EventDate "1997.03.11"]
[EventType "swiss"]
[EventRounds "9"]
[EventCountry "RUS"]
[SourceTitle "EXT 2000"]
[Source "ChessBase"]
[SourceDate "1999.11.16"]
[SourceVersion "1"]
[SourceVersionDate "1999.11.16"]
[SourceQuality "1"]

1. e4 e5 2. Nf3 f5 3. d4 fxe4 4. Nxe5 Nf6 5. Bg5 d6 6. Nc4 Be7 7. Be2 0-0 8. 0-0 Qe8 9. Ne3 Qg6 10. Bh4 c6 11. c4 Na6 12. Nc3 Nc7 13. Bg3 Na6 14. a3 Bd7 15. Qb3 Bc8 16. Bxd6 Bxd6 17. c5+ Kh8 18. cxd6 Ne8 19. d7 Bxd7 20. Qxb7 Nac7 21. Rad1 a5 22. Kh1 Rf4 23. Nc4 Bc8 24. Qb6 Qf6 25. Ne5 Rh4 26. Qxc6 Be6 27. Bc4 Rb8 28. Bxe6 Nxe6 29. Nd5 Qf5 30. g4 1-0

[Event "RUS-chT 04th"]
[Site "Azov"]
[Date "1996.??.??"]
[Round "2"]
[White "Rodin, Mihail"]
[Black "Drozdov, Igor"]
[Result "1-0"]
[WhiteElo "2430"]
[BlackElo "2450"]
[PlyCount "63"]
[EventDate "1996.??.??"]
[EventType "team-tourn"]
[EventRounds "7"]
[EventCountry "RUS"]
[SourceTitle "CBM 056 Extra"]
[Source "ChessBase"]
[SourceDate "1997.03.01"]
[SourceVersion "1"]
[SourceVersionDate "1997.03.01"]
[SourceQuality "1"]
[WhiteTeam "Saratov GShK"]
[BlackTeam "Noyabrsk Yamal"]
[WhiteTeamCountry "RUS"]
[BlackTeamCountry "RUS"]

1. e4 c6 2. d4 d5 3. e5 Bf5 4. Nc3 h5 5. Bd3 Bxd3 6. Qxd3 e6 7. Nf3 Qb6 8. 0-0 Ne7 9. Ne2 h4 10. b3 Nf5 11. c4 Nd7 12. g4 hxg3 13. fxg3 Be7 14. Kg2 dxc4 15. bxc4 0-0-0 16. Rb1 Qa6 17. Bd2 f6 18. exf6 Bxf6 19. Rfc1 g6 20. Rb5 b6 21. Qe4 Qb7 22. c5 a6 23. Rxb6 Nxb6 24. cxb6 Kb8 25. Rxc6 Nxd4 26. Bf4+ e5 27. Nexd4 exf4 28. Qxf4+ Ka8 29. Rxf6 Qd5 30. Rf7 Qxa2+ 31. Kh1 Qb1+ 32. Ng1 1-0

[Event "Noyabrsk"]
[Site "Noyabrsk"]
[Date "1995.??.??"]
[Round "1"]
[White "Abramovic, Bosko"]
[Black "Drozdov, Igor"]
[Result "1/2-1/2"]
[WhiteElo "2520"]
[BlackElo "2425"]
[PlyCount "34"]
[EventDate "1995.05.??"]
[EventType "tourn"]
[EventRounds "11"]
[EventCountry "RUS"]
[EventCategory "10"]
[SourceTitle "CBM 048"]
[Source "ChessBase"]
[SourceDate "1995.10.01"]
[SourceVersion "1"]
[SourceVersionDate "1995.10.01"]
[SourceQuality "1"]

1. e4 c6 2. d4 d5 3. exd5 cxd5 4. Bd3 Nc6 5. c3 Qc7 6. h3 Nf6 7. Nf3 g6 8. 0-0 Bf5 9. Re1 Bxd3 10. Qxd3 Bg7 11. Ne5 Nd7 12. Nxd7 Qxd7 13. Bf4 0-0 14. Nd2 e6 15. Nf3 a6 16. Re2 b5 17. a3 Na5 1/2-1/2

[Event "Budapest FS03 GM"]
[Site "Budapest"]
[Date "1995.??.??"]
[Round "4"]
[White "Anka, Emil"]
[Black "Drozdov, Igor"]
[Result "1/2-1/2"]
[WhiteElo "2410"]
[BlackElo "2425"]
[PlyCount "65"]
[EventDate "1995.03.??"]
[EventType "tourn"]
[EventRounds "14"]
[EventCountry "HUN"]
[EventCategory "8"]
[SourceTitle "CBM 046 Extra"]
[Source "ChessBase"]
[SourceDate "1995.07.01"]
[SourceVersion "1"]
[SourceVersionDate "1995.07.01"]
[SourceQuality "1"]

1. e4 c6 2. d4 d5 3. Nc3 dxe4 4. Nxe4 Nd7 5. Nf3 Ngf6 6. Ng3 e6 7. Bd3 c5 8. 0-0 cxd4 9. Nxd4 Bc5 10. Nb3 Be7 11. Re1 0-0 12. a4 a5 13. c3 Nd5 14. Bc2 N7f6 15. Qd3 Bd7 16. Nd4 Qc7 17. Nh5 g6 18. Nxf6+ Bxf6 19. Bb3 Bc6 20. Nxc6 bxc6 21. Qf3 Bg7 22. h4 Rab8 23. Bc4 Rfe8 24. h5 Qe7 25. hxg6 hxg6 26. Re2 Bf6 27. g3 Kg7 28. Kg2 Rh8 29. Be3 Qd6 30. Rd2 Rb7 31. Rh1 Rxh1 32. Kxh1 Qe5 33. Kg2 1/2-1/2